Score 0/25 Timer 05:00
0 Plays Today
Title Missing Word % Correct
The Green _____Mile
91.1%
Children of the _____Corn
91%
'Salem's _____Lot
83.7%
_____ the DomeUnder
78.9%
The Dead _____Zone
75.1%
The _____knockersTommy
70.8%
Low Men in _____ CoatsYellow
69.7%
_____ Past MidnightFour
64.4%
_____ After SunsetJust
62.8%
_____ the DeathroomIn
62.1%
Rita Hayworth and the _____ RedemptionShawshank
58.5%
_____ ClaiborneDolores
58.2%
Hearts in _____Atlantis
50.6%
Title Missing Word % Correct
_____ ThingsNeedful
47.7%
The Dark Tower III: The _____ LandsWaste
45.9%
The Colorado _____Kid
45.6%
The _____ ManRunning
43.6%
The Girl Who Loved Tom _____Gordon
41.5%
The _____ of the DragonEyes
40.5%
From a _____ 8Buick
39.4%
The Dark _____Half
39.3%
Apt _____Pupil
34.1%
_____, Inc.Quitters
15.3%
Uncle _____ TruckOtto's
14.8%
The Road _____ Heads NorthVirus
9.4%

Today's Daily Dose

Missing Word
I Hardly Know Her!

Word Ladder
Sentence Ending

Quick Pick
Female Firsts

Get the Picture
Triathlon Sports

Remove Ads.
Support Sporcle.
Get the best of Sporcle when you Go Orange. This ad-free experience offers more features, more stats, and more fun while also helping to support Sporcle. Thank you for becoming a member.

You're not logged in!

Compare scores with friends on all Sporcle quizzes.
OR
Log In

Show Comments

Extras

Top Quizzes Today


Score Distribution

Your Account Isn't Verified!

In order to create a playlist on Sporcle, you need to verify the email address you used during registration. Go to your Sporcle Settings to finish the process.

Report this User

Report this user for behavior that violates our Community Guidelines.

Details: